Iuppiter aus dem Brunnen: Erforschung und Sichtbarmachung von römischem Kulturerbe in Lopodunum/Ladenburg
Saved in:
| Main Author: | |
|---|---|
| Format: | Chapter/Article Conference Paper |
| Language: | German |
| Published: |
2020
|
| In: |
Museen - Orte des Authentischen?
Year: 2020, Pages: 421-430 |
| Online Access: | Verlag, kostenfrei, Volltext: https://books.ub.uni-heidelberg.de/propylaeum/reader/download/745/745-30-91700-1-10-20201203.pdf |
| Author Notes: | Andreas Hensen |
MARC
| LEADER | 00000caa a2200000 c 4500 | ||
|---|---|---|---|
| 001 | 1751089320 | ||
| 003 | DE-627 | ||
| 005 | 20220819133105.0 | ||
| 007 | cr uuu---uuuuu | ||
| 008 | 210311s2020 xx |||||o 00| ||ger c | ||
| 035 | |a (DE-627)1751089320 | ||
| 035 | |a (DE-599)KXP1751089320 | ||
| 035 | |a (OCoLC)1341398477 | ||
| 040 | |a DE-627 |b ger |c DE-627 |e rda | ||
| 041 | |a ger | ||
| 084 | |a 60 |2 sdnb | ||
| 100 | 1 | |a Hensen, Andreas |d 1967- |e VerfasserIn |0 (DE-588)130381403 |0 (DE-627)618375759 |0 (DE-576)181430436 |4 aut | |
| 245 | 1 | 0 | |a Iuppiter aus dem Brunnen |b Erforschung und Sichtbarmachung von römischem Kulturerbe in Lopodunum/Ladenburg |c Andreas Hensen |
| 246 | 3 | 0 | |a Jupiter |
| 264 | 1 | |c 2020 | |
| 300 | |b Illustrationen | ||
| 300 | |a 10 | ||
| 336 | |a Text |b txt |2 rdacontent | ||
| 337 | |a Computermedien |b c |2 rdamedia | ||
| 338 | |a Online-Ressource |b cr |2 rdacarrier | ||
| 500 | |a Literaturangaben | ||
| 500 | |a Gesehen am 09.06.2021 | ||
| 773 | 0 | 8 | |i Enthalten in |a Museen - Orte des Authentischen? (Veranstaltung : 2016 : Mainz) |t Museen - Orte des Authentischen? |d Mainz : Verlag des Römisch-Germanischen Zentralmuseums, 2020 |g (2020), Seite 421-430 |h 1 Online-Ressource (XII, 462 Seiten) |w (DE-627)1742489672 |z 9783948465971 |7 nnam |
| 773 | 1 | 8 | |g year:2020 |g pages:421-430 |g extent:10 |a Iuppiter aus dem Brunnen Erforschung und Sichtbarmachung von römischem Kulturerbe in Lopodunum/Ladenburg |
| 856 | 4 | 0 | |u https://books.ub.uni-heidelberg.de/propylaeum/reader/download/745/745-30-91700-1-10-20201203.pdf |v 2021-03-11 |x Verlag |z kostenfrei |3 Volltext |
| 951 | |a AR | ||
| 992 | |a 20210609 | ||
| 993 | |a ConferencePaper | ||
| 994 | |a 2020 | ||
| 998 | |g 130381403 |a Hensen, Andreas |m 130381403:Hensen, Andreas |d 70000 |d 71700 |d 71730 |e 70000PH130381403 |e 71700PH130381403 |e 71730PH130381403 |k 0/70000/ |k 1/70000/71700/ |k 2/70000/71700/71730/ |p 1 |x j |y j | ||
| 999 | |a KXP-PPN1751089320 |e 3936427119 | ||
| BIB | |a Y | ||
| JSO | |a {"recId":"1751089320","origin":[{"dateIssuedKey":"2020","dateIssuedDisp":"2020"}],"physDesc":[{"noteIll":"Illustrationen","extent":"10 S."}],"type":{"media":"Online-Ressource","bibl":"chapter"},"name":{"displayForm":["Andreas Hensen"]},"id":{"eki":["1751089320"]},"person":[{"family":"Hensen","display":"Hensen, Andreas","given":"Andreas","role":"aut"}],"title":[{"title_sort":"Iuppiter aus dem Brunnen","title":"Iuppiter aus dem Brunnen","subtitle":"Erforschung und Sichtbarmachung von römischem Kulturerbe in Lopodunum/Ladenburg"}],"language":["ger"],"note":["Literaturangaben","Gesehen am 09.06.2021"],"relHost":[{"corporate":[{"role":"aut","display":"Museen - Orte des Authentischen? (2016, Mainz)"},{"role":"orm","display":"Leibniz-Forschungsverbund Historische Authentizität"},{"display":"Römisch-Germanisches Zentralmuseum","role":"isb"}],"note":["Der vorliegende Sammelband \"Museen - Orte des Authentischen?\" geht im Wesentlichen auf die gleichnamige internationale Fachtagung zurück, die 2016 in Mainz stattgefunden hat. [...] Ein weiterer Teil der Beiträge dieses Bandes resultiert aus zwei gemeinsamen Tagungen des Leibniz-Forschungsverbundes Historische Authentizität mit den Museums and Collections der University of Cambridge in Cambridge 2017 und 2019. (Vorwort, S. IX)","Enthält Literaturangaben"],"title":[{"title":"Museen - Orte des Authentischen?","subtitle":"Beiträge internationaler Fachtagungen des Leibniz-Forschungsverbundes Historische Authentizität in Mainz und Cambridge = Museums - places of authenticity?","title_sort":"Museen - Orte des Authentischen?"}],"part":{"extent":"10","text":"(2020), Seite 421-430","pages":"421-430","year":"2020"},"language":["ger","eng"],"disp":"Museen - Orte des Authentischen? (Veranstaltung : 2016 : Mainz)Museen - Orte des Authentischen?","type":{"bibl":"book","media":"Online-Ressource"},"name":{"displayForm":["Römisch-Germanisches Zentralmuseum, Leibniz-Forschungsinstitut für Archäologie ; Dominik Kimmel, Stefan Brüggerhoff (Hrsg.)"]},"id":{"uri":["urn:nbn:de:bsz:16-propylaeum-ebook-745-6"],"doi":["10.11588/propylaeum.745"],"eki":["1742489672"],"isbn":["9783948465971"]},"person":[{"given":"Dominik","role":"edt","display":"Kimmel, Dominik","family":"Kimmel"},{"family":"Brüggerhoff","display":"Brüggerhoff, Stefan","given":"Stefan","role":"edt"}],"relMultPart":[{"recId":"1000092313","pubHistory":["Band 32 [?]-Band 48 ; damit Erscheinen eingestellt"],"origin":[{"publisherPlace":"Mainz","publisher":"Verlag des Römisch-Germanischen Zentralmuseum","dateIssuedDisp":"[2017?]-2022"}],"physDesc":[{"extent":"Online-Ressource"}],"name":{"displayForm":["Römisch-Germanisches Zentralmuseum RGZM, Forschungsinstitut für Vor- und Frühgeschichte"]},"type":{"bibl":"serial","media":"Online-Ressource"},"id":{"zdb":["2908181-6"],"issn":["2698-9069"],"eki":["1000092313"]},"title":[{"title":"RGZM-Tagungen","title_sort":"RGZM-Tagungen"}],"part":{"number":["Band 42"],"number_sort":["42"]},"language":["ger","mul"],"disp":"RGZM-Tagungen","corporate":[{"display":"Römisch-Germanisches Zentralmuseum","role":"aut"}],"dispAlt":"Römisch-Germanisches Zentralmuseum: RGZM-Tagungen"}],"titleTranslated":[{"translated":"Museums - places of authenticity?"}],"recId":"1742489672","physDesc":[{"extent":"1 Online-Ressource (XII, 462 Seiten)","noteIll":"Illustrationen, Diagramme, 1 Karte"}],"origin":[{"publisherPlace":"Mainz ; Heidelberg","publisher":"Verlag des Römisch-Germanischen Zentralmuseums ; Propylaeum","dateIssuedDisp":"2020","dateIssuedKey":"2020"}]}]} | ||
| SRT | |a HENSENANDRIUPPITERAU2020 | ||